Begins and Ends with 'L' Quiz Stats

 Plays Quiz Updated Mar 3, 2019

Score 0/17 Timer 04:00
1 Play Today
Hint Answer % Correct
The folded flaps of cloth on the front of a jacketLapel
86.1%
Mel Gibson was once this kind of weaponLethal
79.5%
Faithful to one's sovereign, government, or stateLoyal
78.5%
Lawful; of or pertaining to the lawLegal
77.4%
Not figurative or metaphorical; word for wordLiteral
72.7%
Sideways; a type of pass in FootballLateral
69.5%
Defamation by written or printed wordsLibel
67.3%
Smooth, flush, or balancedLevel
65.5%
Spock likes this word that is cogent, reasonable, sensibleLogical
61.9%
Hint Answer % Correct
Having strong sexual desires, carnalLustful
54.6%
To soothe or quiet; to calmLull
52.9%
Musical or melodiousLyrical
51.3%
A dump, junk yard, or disposal areaLandfill
46.7%
Of a community, civicLocal
46.1%
To deliberately estimate a cheaper price; also a form of pokerLowball
37.5%
A plant of the legume familyLentil
27.7%
Without interest, vigor, or determination; listless or halfheartedLackadaisical
13.1%

You're not logged in!

Compare scores with friends on all Sporcle quizzes.
OR
Log In

Sporcle TV

Today on Sporcle TV


Watch our educational content, quiz creation guides, and fun videos on Sporcle TV.

Show Comments

Extras

Top Quizzes Today


Score Distribution

Your Account Isn't Verified!

In order to create a playlist on Sporcle, you need to verify the email address you used during registration. Go to your Sporcle Settings to finish the process.

Report this User

Report this user for behavior that violates our Community Guidelines.

Details: